<?xml version="1.0" encoding="UTF-8"?>
<record
    xmlns:xsi="http://www.w3.org/2001/XMLSchema-instance"
    xsi:schemaLocation="http://www.loc.gov/MARC21/slim http://www.loc.gov/standards/marcxml/schema/MARC21slim.xsd"
    xmlns="http://www.loc.gov/MARC21/slim">

  <leader>03035nam a22002657a 4500</leader>
  <controlfield tag="003">NALT</controlfield>
  <controlfield tag="005">20250826104339.0</controlfield>
  <controlfield tag="008">250721b        th ||||| |||| 00| 0 tha d</controlfield>
  <datafield tag="020" ind1=" " ind2=" ">
    <subfield code="a">9786162833694</subfield>
  </datafield>
  <datafield tag="040" ind1=" " ind2=" ">
    <subfield code="a">NALT</subfield>
  </datafield>
  <datafield tag="050" ind1=" " ind2=" ">
    <subfield code="a">DS 586</subfield>
    <subfield code="b">&#xE08;131 2561</subfield>
  </datafield>
  <datafield tag="245" ind1="0" ind2="0">
    <subfield code="a">&#xE08;&#xE14;&#xE2B;&#xE21;&#xE32;&#xE22;&#xE40;&#xE2B;&#xE15;&#xE38;&#xE07;&#xE32;&#xE19;&#xE1E;&#xE23;&#xE30;&#xE1A;&#xE23;&#xE21;&#xE28;&#xE1E; &#xE1E;&#xE23;&#xE30;&#xE1A;&#xE32;&#xE17;&#xE2A;&#xE21;&#xE40;&#xE14;&#xE47;&#xE08;&#xE1E;&#xE23;&#xE30;&#xE1B;&#xE23;&#xE21;&#xE34;&#xE19;&#xE17;&#xE23;&#xE21;&#xE2B;&#xE32;&#xE20;&#xE39;&#xE21;&#xE34;&#xE1E;&#xE25;&#xE2D;&#xE14;&#xE38;&#xE25;&#xE22;&#xE40;&#xE14;&#xE0A; &#xE1A;&#xE23;&#xE21;&#xE19;&#xE32;&#xE16;&#xE1A;&#xE1E;&#xE34;&#xE15;&#xE23; &#xE09;&#xE1A;&#xE31;&#xE1A;&#xE2A;&#xE37;&#xE48;&#xE2D;&#xE21;&#xE27;&#xE25;&#xE0A;&#xE19; (&#xE2A;&#xE37;&#xE48;&#xE2D;&#xE21;&#xE27;&#xE25;&#xE0A;&#xE19;&#xE15;&#xE48;&#xE32;&#xE07;&#xE1B;&#xE23;&#xE30;&#xE40;&#xE17;&#xE28;) /</subfield>
    <subfield code="c">&#xE1A;&#xE23;&#xE23;&#xE13;&#xE32;&#xE18;&#xE34;&#xE01;&#xE32;&#xE23;, &#xE01;&#xE19;&#xE01;&#xE2D;&#xE23; &#xE28;&#xE31;&#xE01;&#xE14;&#xE32;&#xE40;&#xE14;&#xE0A;.</subfield>
  </datafield>
  <datafield tag="250" ind1=" " ind2=" ">
    <subfield code="a">&#xE1E;&#xE34;&#xE21;&#xE1E;&#xE4C;&#xE04;&#xE23;&#xE31;&#xE49;&#xE07;&#xE17;&#xE35;&#xE48; 1.</subfield>
  </datafield>
  <datafield tag="260" ind1=" " ind2=" ">
    <subfield code="a">&#xE01;&#xE23;&#xE38;&#xE07;&#xE40;&#xE17;&#xE1E;&#xE2F; :</subfield>
    <subfield code="b">&#xE2A;&#xE33;&#xE19;&#xE31;&#xE01;&#xE2B;&#xE2D;&#xE2A;&#xE21;&#xE38;&#xE14;&#xE41;&#xE2B;&#xE48;&#xE07;&#xE0A;&#xE32;&#xE15;&#xE34; &#xE01;&#xE23;&#xE21;&#xE28;&#xE34;&#xE25;&#xE1B;&#xE32;&#xE01;&#xE23;,</subfield>
    <subfield code="c">2561.</subfield>
  </datafield>
  <datafield tag="300" ind1=" " ind2=" ">
    <subfield code="a">207 &#xE2B;&#xE19;&#xE49;&#xE32; :</subfield>
    <subfield code="b">&#xE20;&#xE32;&#xE1E;&#xE1B;&#xE23;&#xE30;&#xE01;&#xE2D;&#xE1A; ;</subfield>
    <subfield code="c">36 &#xE0B;&#xE21;.</subfield>
  </datafield>
  <datafield tag="500" ind1=" " ind2=" ">
    <subfield code="a">&#xE23;&#xE31;&#xE10;&#xE1A;&#xE32;&#xE25;&#xE43;&#xE19;&#xE2A;&#xE21;&#xE40;&#xE14;&#xE47;&#xE08;&#xE1E;&#xE23;&#xE30;&#xE40;&#xE08;&#xE49;&#xE32;&#xE2D;&#xE22;&#xE39;&#xE48;&#xE2B;&#xE31;&#xE27;&#xE21;&#xE2B;&#xE32;&#xE27;&#xE34;&#xE0A;&#xE34;&#xE23;&#xE32;&#xE25;&#xE07;&#xE01;&#xE23;&#xE13; &#xE1A;&#xE14;&#xE34;&#xE19;&#xE17;&#xE23;&#xE40;&#xE17;&#xE1E;&#xE22;&#xE27;&#xE23;&#xE32;&#xE07;&#xE01;&#xE39;&#xE23; &#xE08;&#xE31;&#xE14;&#xE1E;&#xE34;&#xE21;&#xE1E;&#xE4C;&#xE17;&#xE39;&#xE25;&#xE40;&#xE01;&#xE25;&#xE49;&#xE32;&#xE17;&#xE39;&#xE25;&#xE01;&#xE23;&#xE30;&#xE2B;&#xE21;&#xE48;&#xE2D;&#xE21;&#xE16;&#xE27;&#xE32;&#xE22;&#xE2A;&#xE19;&#xE2D;&#xE07;&#xE1E;&#xE23;&#xE30;&#xE21;&#xE2B;&#xE32;&#xE01;&#xE23;&#xE38;&#xE13;&#xE32;&#xE18;&#xE34;&#xE04;&#xE38;&#xE13; &#xE43;&#xE19;&#xE07;&#xE32;&#xE19;&#xE1E;&#xE23;&#xE30;&#xE23;&#xE32;&#xE0A;&#xE1E;&#xE34;&#xE18;&#xE35;&#xE16;&#xE27;&#xE32;&#xE22;&#xE1E;&#xE23;&#xE30;&#xE40;&#xE1E;&#xE25;&#xE34;&#xE07;&#xE1E;&#xE23;&#xE30;&#xE1A;&#xE23;&#xE21;&#xE28;&#xE1E; &#xE1E;&#xE23;&#xE30;&#xE1A;&#xE32;&#xE17;&#xE2A;&#xE21;&#xE40;&#xE14;&#xE47;&#xE08;&#xE1E;&#xE23;&#xE30;&#xE1B;&#xE23;&#xE21;&#xE34;&#xE19;&#xE17;&#xE23;&#xE21;&#xE2B;&#xE32;&#xE20;&#xE39;&#xE21;&#xE34;&#xE1E;&#xE25;&#xE2D;&#xE14;&#xE38;&#xE25;&#xE22;&#xE40;&#xE14;&#xE0A; &#xE1A;&#xE23;&#xE21;&#xE19;&#xE32;&#xE16;&#xE1A;&#xE1E;&#xE34;&#xE15;&#xE23; &#xE13; &#xE1E;&#xE23;&#xE30;&#xE40;&#xE21;&#xE23;&#xE38;&#xE21;&#xE32;&#xE28; &#xE17;&#xE49;&#xE2D;&#xE07;&#xE2A;&#xE19;&#xE32;&#xE21;&#xE2B;&#xE25;&#xE27;&#xE07; &#xE27;&#xE31;&#xE19;&#xE1E;&#xE24;&#xE2B;&#xE31;&#xE2A;&#xE1A;&#xE14;&#xE35; &#xE17;&#xE35;&#xE48; 26 &#xE15;&#xE38;&#xE25;&#xE32;&#xE04;&#xE21; &#xE1E;&#xE38;&#xE17;&#xE18;&#xE28;&#xE31;&#xE01;&#xE23;&#xE32;&#xE0A; 2560.</subfield>
  </datafield>
  <datafield tag="505" ind1="2" ind2=" ">
    <subfield code="a">&#xE40;&#xE2A;&#xE14;&#xE47;&#xE08;&#xE2A;&#xE27;&#xE23;&#xE23;&#xE04;&#xE15; (Pass Away) -- &#xE16;&#xE27;&#xE32;&#xE22;&#xE23;&#xE32;&#xE0A;&#xE2A;&#xE31;&#xE01;&#xE01;&#xE32;&#xE23;&#xE30; (Paying Tribute) -- &#xE1E;&#xE23;&#xE30;&#xE40;&#xE21;&#xE23;&#xE38;&#xE21;&#xE32;&#xE28; (Royal Crematorium) -- &#xE1E;&#xE23;&#xE30;&#xE23;&#xE32;&#xE0A;&#xE1E;&#xE34;&#xE18;&#xE35;&#xE16;&#xE27;&#xE32;&#xE22;&#xE1E;&#xE23;&#xE30;&#xE40;&#xE1E;&#xE25;&#xE34;&#xE07; (Royal Cremation Ceremony) --
&#xE23;&#xE32;&#xE22;&#xE0A;&#xE37;&#xE48;&#xE2D;&#xE2B;&#xE19;&#xE31;&#xE07;&#xE2A;&#xE37;&#xE2D;&#xE1E;&#xE34;&#xE21;&#xE1E;&#xE4C;&#xE17;&#xE35;&#xE48;&#xE43;&#xE0A;&#xE49;&#xE43;&#xE19;&#xE01;&#xE32;&#xE23;&#xE08;&#xE31;&#xE14;&#xE17;&#xE33;&#xE2B;&#xE19;&#xE31;&#xE07;&#xE2A;&#xE37;&#xE2D; &#xE08;&#xE14;&#xE2B;&#xE21;&#xE32;&#xE22;&#xE40;&#xE2B;&#xE15;&#xE38;&#xE07;&#xE32;&#xE19;&#xE1E;&#xE23;&#xE30;&#xE1A;&#xE23;&#xE21;&#xE28;&#xE1E; &#xE1E;&#xE23;&#xE30;&#xE1A;&#xE32;&#xE17;&#xE2A;&#xE21;&#xE40;&#xE14;&#xE47;&#xE08;&#xE1E;&#xE23;&#xE30;&#xE1B;&#xE23;&#xE21;&#xE34;&#xE19;&#xE17;&#xE23;&#xE21;&#xE2B;&#xE32;&#xE20;&#xE39;&#xE21;&#xE34;&#xE1E;&#xE25;&#xE2D;&#xE14;&#xE38;&#xE25;&#xE22;&#xE40;&#xE14;&#xE0A; &#xE1A;&#xE23;&#xE21;&#xE19;&#xE32;&#xE16;&#xE1A;&#xE1E;&#xE34;&#xE15;&#xE23; &#xE09;&#xE1A;&#xE31;&#xE1A;&#xE2A;&#xE37;&#xE48;&#xE2D;&#xE21;&#xE27;&#xE25;&#xE0A;&#xE19; (&#xE2A;&#xE37;&#xE48;&#xE2D;&#xE21;&#xE27;&#xE25;&#xE0A;&#xE19;&#xE15;&#xE48;&#xE32;&#xE07;&#xE1B;&#xE23;&#xE30;&#xE40;&#xE17;&#xE28;).</subfield>
  </datafield>
  <datafield tag="600" ind1="0" ind2="4">
    <subfield code="a">&#xE20;&#xE39;&#xE21;&#xE34;&#xE1E;&#xE25;&#xE2D;&#xE14;&#xE38;&#xE25;&#xE22;&#xE40;&#xE14;&#xE0A;,</subfield>
    <subfield code="c">&#xE1E;&#xE23;&#xE30;&#xE1A;&#xE32;&#xE17;&#xE2A;&#xE21;&#xE40;&#xE14;&#xE47;&#xE08;&#xE1E;&#xE23;&#xE30;&#xE1B;&#xE23;&#xE21;&#xE34;&#xE19;&#xE17;&#xE23;&#xE21;&#xE2B;&#xE32;,</subfield>
    <subfield code="d">2470-2559</subfield>
    <subfield code="9">361</subfield>
  </datafield>
  <datafield tag="600" ind1="0" ind2="4">
    <subfield code="a">&#xE20;&#xE39;&#xE21;&#xE34;&#xE1E;&#xE25;&#xE2D;&#xE14;&#xE38;&#xE25;&#xE22;&#xE40;&#xE14;&#xE0A;&#xE21;&#xE2B;&#xE32;&#xE23;&#xE32;&#xE0A; &#xE1A;&#xE23;&#xE21;&#xE19;&#xE32;&#xE16;&#xE1A;&#xE1E;&#xE34;&#xE15;&#xE23;,  </subfield>
    <subfield code="c">&#xE1E;&#xE23;&#xE30;&#xE1A;&#xE32;&#xE17;&#xE2A;&#xE21;&#xE40;&#xE14;&#xE47;&#xE08;&#xE1E;&#xE23;&#xE30;&#xE2F;,</subfield>
    <subfield code="d">2470-2559</subfield>
    <subfield code="9">41405</subfield>
  </datafield>
  <datafield tag="700" ind1="0" ind2=" ">
    <subfield code="a">&#xE01;&#xE19;&#xE01;&#xE2D;&#xE23; &#xE28;&#xE31;&#xE01;&#xE14;&#xE32;&#xE40;&#xE14;&#xE0A;</subfield>
    <subfield code="9">47888</subfield>
  </datafield>
  <datafield tag="942" ind1=" " ind2=" ">
    <subfield code="c">GB</subfield>
    <subfield code="2">lcc</subfield>
  </datafield>
  <datafield tag="996" ind1=" " ind2=" ">
    <subfield code="a">kanyakorn.i</subfield>
    <subfield code="b">LIBSTF</subfield>
    <subfield code="c">2025-07-21</subfield>
  </datafield>
  <datafield tag="996" ind1=" " ind2=" ">
    <subfield code="a">saiphon.d</subfield>
    <subfield code="b">CATSTF	</subfield>
    <subfield code="c">2025-08-26</subfield>
  </datafield>
  <datafield tag="999" ind1=" " ind2=" ">
    <subfield code="c">106997</subfield>
    <subfield code="d">106997</subfield>
  </datafield>
  <datafield tag="998" ind1=" " ind2=" ">
    <subfield code="j">104</subfield>
    <subfield code="k"> &#xE19;&#xE32;&#xE07;&#xE2A;&#xE32;&#xE27;&#xE2A;&#xE32;&#xE22;&#xE1D;&#xE19;  &#xE14;&#xE35;&#xE07;&#xE32;&#xE21;</subfield>
  </datafield>
  <datafield tag="952" ind1=" " ind2=" ">
    <subfield code="0">0</subfield>
    <subfield code="1">0</subfield>
    <subfield code="2">local</subfield>
    <subfield code="4">0</subfield>
    <subfield code="7">0</subfield>
    <subfield code="8">CGBL</subfield>
    <subfield code="a">NALT</subfield>
    <subfield code="b">NALT</subfield>
    <subfield code="c">GEN</subfield>
    <subfield code="d">2025-07-21</subfield>
    <subfield code="l">0</subfield>
    <subfield code="o">DS 586 &#xE08;131 2561</subfield>
    <subfield code="p">3961215478</subfield>
    <subfield code="r">2025-07-21 00:00:00</subfield>
    <subfield code="w">2025-07-21</subfield>
    <subfield code="y">GB</subfield>
  </datafield>
</record>
